00896nam a22002415i 450000100060000000300090000600500170001500700030003200800410003502000180007604000220009408000120011610000290012824501400015726000640029730000200036149000720038165000270045370000430048071000410052383000570056485200330062111695ES-MaACL20250824200907.0t|960408s1995 sp ||||0| spa j a84-921009-0-7 aM-BN bspa cM-BN a659.1231 aConejero López, Marta.13aLa comunicación especializada: los modelos del lenguaje publicitario / cby Marta Conejero López ; edited by Manuel Angel Conejero. a[Valencia] : bFundación Shakespeare de España, c1995. a74 p ; c17 cm.1 aThe Notebooks of the Shakespeare Foundation of Spain. Communication aLenguaje publicitario.1 aConejero Dionís-Bayer, Manuel Angel.2 aFundación Shakespeare de España.04aThe notebooks of the Shakespeare Foundation of Spain aES-MaACLjL-19032 bR.125079